Organización de los servicios administrativos / (Record no. 189835)
[ view plain ]
| 000 -LEADER | |
|---|---|
| campo de control de longitud fija | 00795nam a2200217 i 4500 |
| 001 - NÚMERO DE CONTROL | |
| campo de control | 189835 |
| 003 - IDENTIFICADOR DE NÚMERO DE CONTROL | |
| campo de control | ES-MaACL |
| 005 - FECHA Y HORA DE LA ÚLTIMA TRANSACCIÓN | |
| campo de control | 20250902070717.0 |
| 008 - DATOS DE LONGITUD FIJA--INFORMACIÓN GENERAL | |
| campo de control de longitud fija | 191203s1966 sp |||| | spa d |
| 100 1# - ENTRADA PRINCIPAL--NOMBRE DE PERSONA | |
| Nombre de persona | Dubas, Jean. |
| 9 (RLIN) | 168978 |
| 245 10 - MENCIÓN DEL TÍTULO | |
| Título | Organización de los servicios administrativos / |
| Mención de responsabilidad, etc. | por Jean Dubas, Joseph Dupin de Saint-Cyr ; traducido por Tiburcio Alonso y Pablo Gil. |
| 260 ## - PUBLICACIÓN, DISTRIBUCIÓN, ETC. | |
| Lugar de publicación, distribución, etc. | Bilbao : |
| Nombre del editor, distribuidor, etc. | Deusto, |
| Fecha de publicación, distribución, etc. | [1966] |
| 300 ## - DESCRIPCIÓN FÍSICA | |
| Extensión | 342 p. : |
| Otras características físicas | il. ; |
| Dimensiones | 22 cm. |
| 490 1# - MENCIÓN DE SERIE | |
| Mención de serie | Enciclopedia de la Empresa Moderna ; |
| Designación de volumen o secuencia | 9 |
| 650 07 - PUNTO DE ACCESO ADICIONAL DE MATERIA--TÉRMINO DE MATERIA | |
| Término de materia o nombre geográfico como elemento de entrada | Gestión de empresas |
| Fuente del encabezamiento o término | embne |
| 9 (RLIN) | 12210 |
| 700 1# - ENTRADA AGREGADA--NOMBRE PERSONAL | |
| Nombre de persona | Dupin de Saint-Cyr, Joseph. |
| 9 (RLIN) | 168979 |
| 700 0# - ENTRADA AGREGADA--NOMBRE PERSONAL | |
| Nombre de persona | Alonso, Tiburcio. |
| 9 (RLIN) | 20249 |
| 830 00 - PUNTO DE ACCESO ADICIONAL DE SERIE-TÍTULO UNIFORME | |
| Título uniforme | Enciclopedia de la empresa moderna |
| Designación de volumen o secuencia | 9 |
| 9 (RLIN) | 193420 |
| 852 ## - LOCALIZACIÓN | |
| Ubicación | ES-MaACL |
| Número de control de estantería | P-1093-9 |
| Estatus retirado | Estado de pérdida | Estado de daño | No para préstamo | Biblioteca de origen | Biblioteca actual | Ubicación en estantería | Fecha de adquisición | Fuente de adquisición | Total de préstamos | Signatura topográfica completa | Código de barras | Visto por última vez | Precio de reemplazo | Tipo de ítem Koha |
|---|---|---|---|---|---|---|---|---|---|---|---|---|---|---|
| Biblioteca del Ateneo de Madrid | Biblioteca del Ateneo de Madrid | Depósito 2 | 03/12/2019 | P-1093-9 | 1201348 | 23/02/2023 | 23/02/2023 | Libro impreso |
